| 000 | 00815nam a2200253Ia 4500 | ||
|---|---|---|---|
| 003 | OSt | ||
| 005 | 20220928115740.0 | ||
| 006 | a|||||r|||| 00| 0 | ||
| 007 | ta | ||
| 008 | 220927b |||||||| |||| 00| 0 eng d | ||
| 020 | _c4263.8500000000004 | ||
| 024 | _a99201 | ||
| 037 |
_b283, 17/09/2009, Bharatiya Sahitya Bhavana _cTextual |
||
| 040 |
_aSDCL _cSDCL _beng |
||
| 041 |
_2eng _aeng |
||
| 082 | _aO-,2J64:g(NT), P3 | ||
| 100 |
_aKiefer Frederick _9445914 |
||
| 245 | 0 |
_aShakespeare's visual theatre _b Staging the personified characters. |
|
| 260 |
_aCambridge _bCambridge University Press _c2003 |
||
| 300 |
_axi,358p. _ccm. |
||
| 650 | _aEnglish | ||
| 942 |
_hO-,2J64:g(NT), P3 _cTEXL _2CC |
||
| 999 |
_c760778 _d760778 |
||